| 000 | 00354nam a2200145Ia 4500 | ||
|---|---|---|---|
| 008 | 150201s2001 xx 000 0 und d | ||
| 082 |
_a610 _bD2001Y |
||
| 100 | _aYADAV,N.S. | ||
| 245 | _aSHORT QUESTIONS AND ANSWERES IN ORAL MEDICINE | ||
| 250 | _a1ST | ||
| 260 |
_bAITBS _aDELHI _c2001 |
||
| 300 | _a1-340 | ||
| 650 | _aORAL MEDICINE | ||
| 942 |
_2ddc _cBK |
||
| 999 |
_c3058 _d3058 |
||